Winners never cheat : (Record no. 38874)

MARC details
000 -LEADER
fixed length control field 00824nam a22002177a 4500
005 - DATE AND TIME OF LATEST TRANSACTION
control field 20100803112423.0
010 ## - LCCN (DPL NO)
LC control number ENG-97865
020 ## - INTERNATIONAL STANDARD BOOK NUMBER
International Standard Book Number 9788131729311
Terms of availability 299.00
035 ## - SYSTEM CONTROL NUMBER
System control number EN-81398
037 ## - SOURCE OF ACQUISITION
Source of stock number/acquisition DBAD/UBH
082 ## - DEWEY DECIMAL CLASSIFICATION NUMBER
Classification number 174.4
100 ## - MAIN ENTRY--PERSONAL NAME
Personal name Huntsman,Jon M
245 ## - TITLE STATEMENT
Title Winners never cheat :
Remainder of title even in difficult times /
Statement of responsibility, etc by Jon M Huntsman ; foreword by CNN's Glennk Beck
260 ## - PUBLICATION, DISTRIBUTION, ETC. (IMPRINT)
Place of publication, distribution, etc New Delhi
Name of publisher, distributor, etc Dorling kindersley
Date of publication, distribution, etc 2010
270 ## - ADDRESS
Address 14 Local Shopping Centre Panchsheel Park
City New Delhi
Postal code 110017
300 ## - PHYSICAL DESCRIPTION
Extent xxii,224p
Dimensions 18cm (Hb)
650 ## - SUBJECT ADDED ENTRY--TOPICAL TERM
Topical term or geographic name as entry element business ethics
700 ## - ADDED ENTRY--PERSONAL NAME
Personal name Glenn, Beck
9 (RLIN) 4802
942 ## - ADDED ENTRY ELEMENTS (KOHA)
Source of classification or shelving scheme Dewey Decimal Classification
Item type English Books
Classification part 174.4
Call number suffix HUN
Holdings
Withdrawn status Lost status Not for loan Collection code Home library Current library Date acquired Source of acquisition Cost, normal purchase price Full call number Barcode Copy number Cost, replacement price Koha item type
    Not For Loan Non-fiction D.B.Act.Division D.B.Act.Division 03/08/2010 DBAD/VAN 299.00 174.4 HUN EN-81398 1 299.00 English Books

© Delhi Public Library
Hit Counter
free hit counter